000 00315nam a22001457a 4500
008 221116b ||||| |||| 00| 0 eng d
020 _a9780671739812
041 _aeng
080 _a72
082 _a72 CAL
100 _a19.1
101 _aARK
245 _aTHE ELEMENTS OF STYLE
_cCALLOWAY S
942 _2udc
_cBK
999 _c58909
_d58909